01430cam a2200277 a 45000010009000000050017000090080041000260100017000670200032000840400013001160430012001290500017001410820012001582450041001702500078002112600055002893000026003445040041003705050557004116500027009686500042009956510044010377000021010817000028011027000022011301320661520210414114018.0030520s2004 cau b 000 0 eng  a 2003107335 a0155062603 (acidfree paper) aDLCcDLC an-us---00aJF1351.C465 04a35122100aClassics of public administration. / a5th ed. /b[edited by] Jay M. Shafritz, Albert C. Hyde, Sandra J. Parkes. aBelmont, CA :bWadsworth/Thomson Learning,cc2004. axiii, 577 p.:c24 cm. aIncludes bibliographical references. aContents: Early voices and the first quater century (1880s to 1920s) -- The New deal to mid-century (1930s- 1950s) -- From JFK to civil service reform (1960s and 1970s) -- From Reagan to reinvention -- (1980s and 1990s ) -- The Discipline of public adminstration -- The Political context of public administration -- Bureaucracy -- Organization theory -- Human resource management -- The Budgetary process -- Public management -- Public policy and analysis -- Implementation -- Program evaluation -- Intergovernmental relations -- Public service ethics. 0aPublic administration. 0aPublic administrationzUnited States. 0aUnited StatesxPolitics and government.1 aShafritz, Jay M.1 aHyde, Albert C.,d1946-1 aParkes, Sandra J.